01162nac a22003497a 4500001001000000003000900010005001700019008003400036040005400070072000800124090001800132100001800150110007300168245004500241260003600286300000900322490010500331500001200436650001000448650002000458650001000478650001800488650001000506650001900516650001500535650001200550650002300562909004700585942001700632999001900649952014400668BR9803090BR-BrBNA20240105122030.0230509b bl.|||m| |||| 00| 0 por d aBR-BrBNAbporcBiblioteca Nacional de Agricultura aH10 aH10 BR98030901 aGelmini, G.A.1 aCoordenadoria de Assistencia Tecnica Integral, Campinas, SP (Brasil)1 aPreparados caseiros para horta domestica3 aCampinas, SP (Brasil): c1998.  a6 p. aComunicado Tecnico - Coordenadoria de Assistencia Tecnica Integral (Brazil)vno. 140xISSN 0100-3607 a11 ref. aHorta aPraga de Planta aAcaro aLagarta Rosca aLesma aFormiga Lavape aCochonilha aReceita aControle Biologico a202312bLúcia Elandec55dLúcia Elande 2AGRISn0cMS c288831d288831 002AGRIS40708Acervo Gerala41918b41918cAGROBASEl0oH10 BR9803090pH10 BR9803090r2023-12-18yMSePortaria Interministerial nº 164/94